|
|
|
|
| LEADER |
00000nam0a2200000 4500 |
| 001 |
31988 |
| 005 |
20231030204700.0 |
| 010 |
|
|
|a 5229009179
|
| 035 |
|
|
|a (RuTPU)RU\TPU\book\32283
|
| 035 |
|
|
|a BOOK00000033
|
| 090 |
|
|
|a 31988
|
| 100 |
|
|
|a 20011210d1992 u y0rusy50 ca
|
| 101 |
0 |
|
|a rus
|
| 102 |
|
|
|a RU
|
| 105 |
|
|
|a a 001|y
|
| 200 |
1 |
|
|a Металлотермические системы
|f В. А. Подергин
|
| 210 |
|
|
|a Москва
|c Металлургия
|d 1992
|
| 215 |
|
|
|a 271 с.
|c ил.
|
| 320 |
|
|
|a Библиогр.: с. 49-50.
|
| 610 |
1 |
|
|a металлургия
|
| 610 |
1 |
|
|a металлотермия
|
| 610 |
1 |
|
|a системы
|
| 610 |
1 |
|
|a диаграммы
|
| 610 |
1 |
|
|a температура
|
| 610 |
1 |
|
|a химический состав
|
| 610 |
1 |
|
|a получение
|
| 610 |
1 |
|
|a металлотермические процессы
|
| 675 |
|
|
|a 669.046
|v 3
|
| 700 |
|
1 |
|a Подергин
|g Вениамин Алексеевич
|
| 801 |
|
0 |
|a RU
|b 63413507
|c 20011210
|g PSBO
|
| 801 |
|
2 |
|a RU
|b 63413507
|c 20170111
|g PSBO
|
| 942 |
|
|
|c BK
|